| 000 | 02004cam a2200337 i 4500 | ||
|---|---|---|---|
| 001 | 17449422 | ||
| 003 | EG-ScBUE | ||
| 005 | 20250817094935.0 | ||
| 008 | 120831t2013 njua f b 001 0 eng d | ||
| 020 | _a9780470462591 (cloth) | ||
| 020 | _a0470462590 (cloth) | ||
| 040 |
_aDLC _beng _e rda _cDLC _dDLC _dEG-ScBUE |
||
| 082 | 0 | 4 |
_a547 _222 _bSMI |
| 100 | 1 |
_aSmith, Michael Berry‏, _eauthor. _941353 |
|
| 245 | 1 | 0 |
_aMarch's advanced organic chemistry : _breactions, mechanisms, and structure / _cMichael B. Smith, professor of chemistry. |
| 246 | 3 | 0 | _aAdvanced organic chemistry |
| 250 | _aSeventh edition. | ||
| 264 | 1 |
_aHoboken, New Jersey : _bWiley, _c[2013] |
|
| 264 | 4 | _cc2013 | |
| 300 |
_axxv, 2047 pages : _billustrations ; _c26 cm |
||
| 336 |
_2rdacontent _atext _btxt |
||
| 337 |
_aunmediated _2rdamedia _bn |
||
| 338 |
_avolume _bnc _2rdacarrier |
||
| 504 | _aIncludes bibliographical references and index. | ||
| 505 | 0 | _aLocalized chemical bonding -- Delocalized chemical bonding -- Bonding weaker than covalent -- Stereochemistry and conformation -- Carbocations, carbanions, free radicals, carbenes, and nitrenes -- Mechanisms and methods of determining them -- Irradiation processes in organic chemistry -- Acids and bases -- Effects of structure and medium on reactivity -- Aliphatic substitution, nucleophilic and organometallic -- Aromatic substitution, electrophilic -- Aliphatic, alkenyl, and alkynyl substitution, electrophilic and organometallic -- Aromatic substitution, nucleophilic and organometallic -- Substitution reactions, radical -- Addition to carbon-carbon multiple bonds -- Addition to carbon-hetero multiple bonds -- Eliminations -- Rearrangements -- Oxidations and reductions -- Appendix A. The literature of organic chemistry -- Appendix B. Classification of reactions by type of compounds synthesized. | |
| 650 | 7 |
_aChemistry, Organic. _2BUEsh _96234 |
|
| 651 | _2BUEsh | ||
| 653 |
_bENGCHE _cDecember2016 |
||
| 655 |
_vText book _933728 |
||
| 942 |
_2ddc _cBB |
||
| 999 |
_c23546 _d23518 |
||